[Event "Amateur Chess Tournament A"]
[Site "Bratto - Castione della Presolana ITA"]
[Date "2012.04.28"]
[Round "1"]
[White "Battistella, Stefano"]
[Black "Kimbin, Richard Conrod"]
[Result "0-1"]
[WhiteElo "2104"]
[BlackElo "1939"]
[PlyCount "62"]
[EventDate "2012.04.28"]

1. c4 Nf6 2. Nc3 g6 3. e4 d6 4. g3 Bg7 5. Bg2 c6 6. Nge2 O-O 7. O-O e5 8. d3
Be6 9. h3 Nh5 10. g4 Nf6 11. Ng3 Na6 12. Be3 d5 13. cxd5 cxd5 14. g5 d4 15.
gxf6 Qxf6 16. Bc1 dxc3 17. bxc3 Rac8 18. Bb2 Qh4 19. Kh2 Bh6 20. d4 Bf4 21. d5
Bd7 22. Qf3 g5 23. Kg1 g4 24. Qe2 gxh3 25. Bf3 h2+ 26. Kh1 Kh8 27. Nf5 Qg5 28.
Bg4 Bb5 29. Qf3 Rg8 30. Bh3 Bxf1 31. Rxf1 Qg1+ 0-1

[Event "Amateur Chess Tournament A"]
[Site "Bratto - Castione della Presolana ITA"]
[Date "2012.04.28"]
[Round "1"]
[White "Berger, Stefan"]
[Black "Molina, Fabrizio"]
[Result "0-1"]
[WhiteElo "2016"]
[BlackElo "2264"]
[PlyCount "166"]
[EventDate "2012.04.28"]

1. Nf3 d6 2. d4 Bg4 3. c3 Nd7 4. Bf4 Ngf6 5. Nbd2 c5 6. h3 Bh5 7. g4 Bg6 8. e3
Rc8 9. Qb3 Qb6 10. Bc4 a6 11. O-O Qxb3 12. axb3 d5 13. Be2 e6 14. Ne5 Be7 15.
Nxg6 hxg6 16. Kg2 Nh7 17. Nf3 g5 18. Bg3 Bf6 19. dxc5 Nxc5 20. b4 Ne4 21. Be5
Ke7 22. Ra5 Nf8 23. b5 axb5 24. Rxb5 Bxe5 25. Nxe5 Nd6 26. Ra5 f6 27. Nf3 Nd7
28. Rfa1 Nc5 29. Ra7 Rc6 30. Nd4 Rb6 31. R1a2 Rc8 32. Nc2 Nb3 33. R2a6 Rxa6 34.
Bxa6 Rc7 35. Bf1 Nd2 36. Be2 g6 37. Nd4 N2c4 38. Bxc4 Rxc4 39. Ra8 e5 40. Nc2
Ke6 41. f3 Rc7 42. Na3 f5 43. Rg8 Kf7 44. Rd8 Rc6 45. Nc2 Ke7 46. Rg8 Nf7 47.
Nb4 Rd6 48. Nc2 Kf6 49. Rb8 Nd8 50. Kf2 Ke7 51. Ra8 Kd7 52. Ra5 Nc6 53. Rb5 Kc7
54. Ke2 b6 55. Nb4 Nxb4 56. Rxb4 Rd8 57. gxf5 gxf5 58. h4 Rg8 59. hxg5 Rxg5 60.
Kf2 Rh5 61. Kg2 Kc6 62. Ra4 Kb7 63. Rb4 Rh6 64. Ra4 Rh8 65. Rb4 Kc6 66. Ra4 Kb7
67. Rb4 Ra8 68. Kg3 Ra1 69. f4 e4 70. Rd4 Kc6 71. Rd2 Rf1 72. Re2 Kc5 73. Kh4
Rg1 74. Kh5 Kc4 75. Rd2 Rg3 76. Rd4+ Kc5 77. b4+ Kc6 78. c4 dxc4 79. Rxc4+ Kb5
80. Rd4 Rxe3 81. Kg5 Rd3 82. Rxe4 fxe4 83. f5 Rf3 0-1

[Event "Amateur Chess Tournament A"]
[Site "Bratto - Castione della Presolana ITA"]
[Date "2012.04.28"]
[Round "1"]
[White "Boschetti, Claudio"]
[Black "Ventura, Salvatore"]
[Result "1/2-1/2"]
[WhiteElo "2153"]
[BlackElo "1987"]
[PlyCount "50"]
[EventDate "2012.04.28"]

1. e4 c5 2. d4 cxd4 3. c3 dxc3 4. Nxc3 Nc6 5. Nf3 e6 6. Bc4 Qc7 7. O-O Nf6 8.
e5 Nxe5 9. Nxe5 Qxe5 10. Re1 Qc7 11. Bb3 Be7 12. Qf3 O-O 13. Bf4 Qc6 14. Qh3 b5
15. Rac1 Qb6 16. a4 bxa4 17. Nxa4 Qb4 18. Qe3 Bb7 19. Rc4 Qb5 20. Rd4 Bd5 21.
Nc3 Qb6 22. Bxd5 Bc5 23. Bxa8 Bxd4 24. Qf3 Qxb2 25. Ne2 Bc5 1/2-1/2

[Event "Amateur Chess Tournament A"]
[Site "Bratto - Castione della Presolana ITA"]
[Date "2012.04.28"]
[Round "1"]
[White "Cereda, Loris"]
[Black "Siegel, Adrian"]
[Result "1-0"]
[WhiteElo "2243"]
[BlackElo "2005"]
[PlyCount "67"]
[EventDate "2012.04.28"]

1. e4 e6 2. d4 d5 3. exd5 exd5 4. Nf3 Bg4 5. h3 Bh5 6. Qe2+ Qe7 7. Be3 Nc6 8.
Nc3 O-O-O 9. O-O-O Qb4 10. g4 Bg6 11. Nh4 Qa5 12. Nxg6 hxg6 13. Qb5 Bb4 14.
Qxa5 Bxa5 15. Bg2 Nce7 16. Na4 c6 17. Nc5 Bc7 18. Rhe1 Bd6 19. Nd3 Nh6 20. Bg5
Rhe8 21. Re2 Nhg8 22. Rde1 b6 23. Bd2 Kd7 24. h4 Nc8 25. Bh3 Rxe2 26. Rxe2 Nce7
27. Ne5+ Bxe5 28. Rxe5 f6 29. Re2 Nc8 30. h5 g5 31. f4 gxf4 32. Bxf4 Nce7 33.
g5+ Ke8 34. h6 1-0

[Event "Amateur Chess Tournament A"]
[Site "Bratto - Castione della Presolana ITA"]
[Date "2012.04.28"]
[Round "1"]
[White "Cocconcelli, Lorenzo"]
[Black "Tramalloni, Luca"]
[Result "1-0"]
[WhiteElo "1964"]
[BlackElo "2110"]
[PlyCount "79"]
[EventDate "2012.04.28"]

1. d4 Nf6 2. c4 e6 3. Nf3 b6 4. g3 Bb7 5. Bg2 Be7 6. Nc3 d5 7. cxd5 exd5 8. O-O
O-O 9. Ne5 c5 10. dxc5 bxc5 11. Qb3 Nbd7 12. Qxb7 Nxe5 13. Nxd5 Nxd5 14. Qxd5
Qxd5 15. Bxd5 Rab8 16. Rb1 Rfd8 17. Rd1 Rd7 18. Be3 a6 19. h3 c4 20. Bf4 Bf6
21. Bxe5 Bxe5 22. Bxc4 Rxd1+ 23. Rxd1 Bxb2 24. Rd7 a5 25. Bxf7+ Kf8 26. Bb3 Ra8
27. a4 Rb8 28. Bc4 Bc3 29. Bb5 Rb6 30. Kg2 Rf6 31. f4 h6 32. e4 g5 33. Kf3 gxf4
34. gxf4 Be5 35. f5 Bc3 36. Kf4 Rf7 37. Rd3 Bb2 38. e5 Kg7 39. f6+ Kh7 40. Kf5
1-0

[Event "Amateur Chess Tournament A"]
[Site "Bratto - Castione della Presolana ITA"]
[Date "2012.04.28"]
[Round "1"]
[White "Pepe, Mario"]
[Black "Gagliardi, Christian"]
[Result "0-1"]
[WhiteElo "2000"]
[BlackElo "2233"]
[PlyCount "118"]
[EventDate "2012.04.28"]

1. e4 c5 2. Nf3 e6 3. c3 d5 4. exd5 Qxd5 5. d4 Nf6 6. Be2 Nc6 7. dxc5 Qxd1+ 8.
Bxd1 Bxc5 9. O-O O-O 10. Nbd2 b6 11. Nb3 Be7 12. Nfd4 Nxd4 13. Nxd4 Bb7 14. Bf3
Bxf3 15. Nxf3 Rfd8 16. Be3 Rd5 17. a4 Ng4 18. Bf4 e5 19. Bg3 f6 20. Rfd1 Rad8
21. Rxd5 Rxd5 22. Kf1 Kf7 23. Ke2 Ke6 24. Nd2 f5 25. f3 Ne3 26. Rg1 Bg5 27. Be1
Nc2 28. Nb3 Nxe1 29. Rxe1 b5 30. a5 a6 31. g3 g6 32. h4 Bf6 33. Nc1 Bd8 34. b4
Be7 35. Nd3 Bd6 36. Kd2 h5 37. Kc2 Kf6 38. Re2 Bf8 39. Nf2 Rd6 40. Rd2 Rxd2+
41. Kxd2 Ke6 42. Kd3 Kd5 43. Nd1 e4+ 44. Ke3 exf3 45. Kxf3 Kc4 46. Ke2 Bh6 47.
Nb2+ Kxc3 48. Nd3 Bf8 49. Nf4 Bd6 50. Nxg6 Bxg3 51. Ne7 Bxh4 52. Nxf5 Bd8 53.
Ng7 h4 54. Ne6 Be7 55. Nc5 Kxb4 56. Nxa6+ Kxa5 57. Nc7 b4 58. Nd5 b3 59. Kd3 h3
0-1

[Event "Amateur Chess Tournament A"]
[Site "Bratto - Castione della Presolana ITA"]
[Date "2012.04.28"]
[Round "1"]
[White "Pirola, Andrea"]
[Black "Bonassi, Tommaso"]
[Result "1/2-1/2"]
[WhiteElo "2115"]
[BlackElo "1898"]
[PlyCount "82"]
[EventDate "2012.04.28"]

1. d4 Nf6 2. Bg5 c5 3. Bxf6 exf6 4. e3 Qb6 5. b3 Nc6 6. c3 g6 7. Bd3 cxd4 8.
exd4 Nxd4 9. Nd2 Nc6 10. Qe2+ Be7 11. Ngf3 d5 12. O-O O-O 13. b4 Ne5 14. Nxe5
fxe5 15. Qxe5 Bf6 16. Qxd5 Be6 17. Qf3 Bxc3 18. Rad1 Qxb4 19. Rb1 Qa5 20. Ne4
Bxa2 21. Rb5 Qa3 22. Bc2 Bc4 23. Rb3 Bxb3 24. Qxc3 Rfc8 25. Qxb3 Qxb3 26. Bxb3
Rc7 27. f4 Re7 28. Nf6+ Kg7 29. Nd5 Re2 30. f5 b5 31. Nc7 Rb8 32. fxg6 fxg6 33.
Rf7+ Kh6 34. Ne6 a5 35. h4 a4 36. Ng5 Rh8 37. Bd5 Re5 38. Bf3 Rxg5 39. hxg5+
Kxg5 40. Rb7 Rf8 41. Rxb5+ Rf5 1/2-1/2

[Event "Amateur Chess Tournament A"]
[Site "Bratto - Castione della Presolana ITA"]
[Date "2012.04.28"]
[Round "1"]
[White "Ranfagni, Stefano"]
[Black "Medici, Simone"]
[Result "1-0"]
[WhiteElo "1975"]
[BlackElo "2131"]
[PlyCount "127"]
[EventDate "2012.04.28"]

1. e4 c5 2. Nc3 Nc6 3. g3 e6 4. Bg2 Nge7 5. d3 d5 6. exd5 exd5 7. Nge2 Be6 8.
Nf4 Qd7 9. O-O O-O-O 10. Nxe6 Qxe6 11. Re1 Qf5 12. Ne2 g5 13. c3 Ne5 14. d4 Nd3
15. Bh3 Qxh3 16. Qxd3 c4 17. Qf3 h6 18. Qxf7 Nf5 19. Kh1 Bd6 20. Ng1 Qg4 21.
Qxd5 Rhf8 22. Qxc4+ Kb8 23. Qe2 Qxe2 24. Rxe2 g4 25. Kg2 Rf7 26. Bd2 Rdf8 27.
Rae1 Kc7 28. Re8 h5 29. Rxf8 Rxf8 30. Re4 Kc6 31. Ne2 Kd5 32. Rf4 Bxf4 33.
Nxf4+ Ke4 34. Nxh5 Kd3 35. Bf4 Kc2 36. d5 Kxb2 37. c4 b6 38. Nf6 Kxa2 39. Nxg4
Rc8 40. Ne5 Nd6 41. Nc6 Nxc4 42. Nxa7 Rc5 43. d6 Rd5 44. Nc6 Ka3 45. Ne7 Rd1
46. h4 Nxd6 47. Bxd6+ Rxd6 48. h5 b5 49. Nf5 Rd3 50. Ne3 Ka4 51. g4 b4 52. h6
b3 53. Nc4 Rd4 54. Nb2+ Ka3 55. h7 Rd8 56. g5 Kxb2 57. g6 Rh8 58. g7 Rxh7 59.
g8=Q Rc7 60. Qd8 Rc2 61. Qd4+ Kb1 62. Qd3 b2 63. Qe4 Ka1 64. Qxc2 1-0

[Event "Amateur Chess Tournament A"]
[Site "Bratto - Castione della Presolana ITA"]
[Date "2012.04.28"]
[Round "1"]
[White "Stoppa, Omar"]
[Black "Radice, Luca"]
[Result "1-0"]
[WhiteElo "2278"]
[BlackElo "2042"]
[PlyCount "87"]
[EventDate "2012.04.28"]

1. e4 e6 2. Nf3 d5 3. e5 Bd7 4. d4 c5 5. Bd3 cxd4 6. O-O Nc6 7. a3 Nge7 8. b4
Nc8 9. Nbd2 Nb6 10. Nb3 Nc4 11. Qe2 Rc8 12. Re1 Be7 13. Nbxd4 Nxd4 14. Nxd4 a5
15. Rb1 a4 16. Qg4 Kf8 17. Nf3 h5 18. Qf4 g5 19. Qd4 g4 20. Nd2 Qb6 21. Qf4
Nxd2 22. Bxd2 Bb5 23. Bg6 Be8 24. Be3 Qa6 25. b5 Qa5 26. Bd2 Qd8 27. Bb4 Rc4
28. Qf6 Rh6 29. Bxe7+ Qxe7 30. Qxe7+ Kxe7 31. Bd3 Rc3 32. Ra1 f6 33. Kf1 fxe5
34. Rxe5 Kd6 35. Rg5 e5 36. f3 gxf3 37. gxf3 Rf6 38. Ke2 Rc5 39. c4 e4 40. Bxe4
dxe4 41. Rd1+ Ke7 42. Rxc5 Rxf3 43. Re5+ Kf7 44. Rd8 1-0

[Event "Amateur Chess Tournament A"]
[Site "Bratto - Castione della Presolana ITA"]
[Date "2012.04.28"]
[Round "2"]
[White "Bonassi, Tommaso"]
[Black "Boschetti, Claudio"]
[Result "1-0"]
[WhiteElo "1898"]
[BlackElo "2153"]
[PlyCount "88"]
[EventDate "2012.04.28"]

1. e4 e5 2. Nf3 Nc6 3. Bc4 Nf6 4. d3 Bc5 5. c3 d6 6. Bb3 O-O 7. O-O a6 8. Nbd2
Ba7 9. h3 h6 10. Re1 g5 11. Nf1 Kg7 12. Be3 Be6 13. Bc2 d5 14. Bxa7 Rxa7 15.
exd5 Qxd5 16. Bb3 Qd6 17. Bxe6 fxe6 18. Ne3 b5 19. a4 Raa8 20. axb5 axb5 21.
Qb3 Nd5 22. Rxa8 Rxa8 23. Ng4 b4 24. c4 Nf4 25. Ngxe5 Nxe5 26. Nxe5 Ra5 27. d4
Ra8 28. Nf3 Rf8 29. Qe3 Qc6 30. Kh2 Rf6 31. b3 Qa8 32. d5 exd5 33. Qe7+ Rf7 34.
Qe5+ Kg8 35. Ra1 Qd8 36. Ra6 Kh7 37. g3 Ng6 38. Qe6 Qg8 39. Ne5 Rxf2+ 40. Kg1
Qxe6 41. Rxe6 Re2 42. Nxg6 Rxe6 43. Nf8+ Kg7 44. Nxe6+ Kf6 1-0

[Event "Amateur Chess Tournament A"]
[Site "Bratto - Castione della Presolana ITA"]
[Date "2012.04.28"]
[Round "2"]
[White "Gagliardi, Christian"]
[Black "Stoppa, Omar"]
[Result "0-1"]
[WhiteElo "2233"]
[BlackElo "2278"]
[PlyCount "116"]
[EventDate "2012.04.28"]

1. d4 Nf6 2. Nf3 c5 3. c3 g6 4. Bf4 Bg7 5. e3 O-O 6. Be2 d6 7. h3 b6 8. Nbd2
Bb7 9. O-O Nc6 10. Re1 Re8 11. dxc5 bxc5 12. e4 Nd7 13. Nc4 Na5 14. Qc2 Nxc4
15. Bxc4 Nb6 16. Be2 Qc7 17. Rad1 Bc6 18. Nd2 Rab8 19. Rb1 Qb7 20. Bf1 e5 21.
Be3 Rf8 22. b4 cxb4 23. Rxb4 Qc7 24. Bxb6 Rxb6 25. Qb3 Rfb8 26. Rb1 Bh6 27. Rd1
Bxd2 28. Rxd2 Bxe4 29. Qc4 Qxc4 30. Rxc4 d5 31. Ra4 Rb2 32. Rxb2 Rxb2 33. f3
Bb1 34. Rxa7 Bxa2 35. Re7 Rc2 36. Rxe5 Rxc3 37. Kf2 Rc2+ 38. Ke3 Kg7 39. f4 h5
40. g3 Kf6 41. g4 h4 42. g5+ Kg7 43. f5 gxf5 44. Rxf5 Rc3+ 45. Kd4 Ra3 46. Rf6
Ra4+ 47. Ke3 d4+ 48. Kd2 Bb1 49. Rf4 Bg6 50. Rxh4 Kf8 51. Rh8+ Ke7 52. Re8+ Kd6
53. h4 Ra2+ 54. Ke1 Rh2 55. Rh8 Ke5 56. Be2 Kf4 57. Rd8 Ke3 58. Re8+ Be4 0-1

[Event "Amateur Chess Tournament A"]
[Site "Bratto - Castione della Presolana ITA"]
[Date "2012.04.28"]
[Round "2"]
[White "Kimbin, Richard Conrod"]
[Black "Cereda, Loris"]
[Result "1-0"]
[WhiteElo "1939"]
[BlackElo "2243"]
[PlyCount "51"]
[EventDate "2012.04.28"]

1. Nf3 d5 2. g3 Nf6 3. Bg2 Nbd7 4. d3 e5 5. Nbd2 Bd6 6. e4 c6 7. O-O O-O 8. c3
a5 9. Re1 Re8 10. Nf1 Nc5 11. Bg5 h6 12. Bxf6 Qxf6 13. exd5 cxd5 14. d4 Ne4 15.
dxe5 Bxe5 16. Qxd5 Bf5 17. Ne3 Rad8 18. Qxa5 b6 19. Qa4 Nc5 20. Qh4 g5 21. Qh5
Nd3 22. Red1 Be4 23. Ng4 Qc6 24. Nxh6+ Kg7 25. Qxg5+ Bg6 26. Rxd3 1-0

[Event "Amateur Chess Tournament A"]
[Site "Bratto - Castione della Presolana ITA"]
[Date "2012.04.28"]
[Round "2"]
[White "Medici, Simone"]
[Black "Pirola, Andrea"]
[Result "0-1"]
[WhiteElo "2131"]
[BlackElo "2115"]
[PlyCount "100"]
[EventDate "2012.04.28"]

1. d4 d5 2. c4 Nc6 3. e3 e5 4. dxe5 d4 5. exd4 Bb4+ 6. Nc3 Nxd4 7. Nge2 c5 8.
Be3 Bxc3+ 9. Nxc3 Ne7 10. Bxd4 cxd4 11. Nb5 Nf5 12. Bd3 a6 13. Qa4 O-O 14. Bxf5
Bxf5 15. Nd6 Qg5 16. g3 Bc2 17. Qa5 b5 18. f4 Qh5 19. Qd2 d3 20. O-O f6 21.
Rae1 bxc4 22. Nxc4 Rac8 23. Nd6 Rcd8 24. b3 Rxd6 25. exd6 Qc5+ 26. Re3 Qxd6 27.
Rfe1 Kf7 28. Qc3 Rd8 29. Qc4+ Kf8 30. Qa4 Qc5 31. Kf1 d2 32. Re8+ Kf7 33. Rxd8
dxe1=Q+ 34. Kxe1 Qe3+ 35. Kf1 Qf3+ 36. Kg1 Qe3+ 37. Kg2 Qe2+ 38. Kg1 Qe1+ 39.
Kg2 Qe2+ 40. Kg1 Qe1+ 41. Kg2 Be4+ 42. Kh3 Qf1+ 43. Kh4 g5+ 44. fxg5 fxg5+ 45.
Kxg5 h6+ 46. Kxh6 Qf6+ 47. Kh5 Bg6+ 48. Kh6 Bf5+ 49. Kh5 Qg6+ 50. Kh4 Qh6# 0-1

[Event "Amateur Chess Tournament A"]
[Site "Bratto - Castione della Presolana ITA"]
[Date "2012.04.28"]
[Round "2"]
[White "Molina, Fabrizio"]
[Black "Ranfagni, Stefano"]
[Result "1-0"]
[WhiteElo "2264"]
[BlackElo "1975"]
[PlyCount "79"]
[EventDate "2012.04.28"]

1. d4 e6 2. c4 f5 3. Nh3 Nf6 4. e3 c6 5. Bd3 d5 6. O-O Bd6 7. c5 Bc7 8. f3 O-O
9. Qc2 b6 10. b4 a5 11. Ba3 Re8 12. b5 bxc5 13. Bxc5 cxb5 14. Bxb5 Bd7 15. a4
Bb6 16. Nd2 Bxb5 17. axb5 Nbd7 18. Ba3 Rc8 19. Qd3 Nf8 20. Rfc1 Qd7 21. Nb3 h6
22. Bc5 Qd8 23. Qd2 N6d7 24. Nf4 g5 25. Nd3 Ng6 26. Nxa5 Bxa5 27. Qxa5 Qf6 28.
b6 f4 29. b7 Rcd8 30. exf4 Nxf4 31. Nxf4 Qxf4 32. Re1 Kf7 33. Qc3 Qc7 34. Rab1
Nb8 35. Qd3 Kg7 36. Bb6 Qf7 37. Bxd8 Rxd8 38. Rec1 Rd7 39. Rc8 Rxb7 40. Rxb8
1-0

[Event "Amateur Chess Tournament A"]
[Site "Bratto - Castione della Presolana ITA"]
[Date "2012.04.28"]
[Round "2"]
[White "Radice, Luca"]
[Black "Pepe, Mario"]
[Result "0-1"]
[WhiteElo "2042"]
[BlackElo "2000"]
[PlyCount "64"]
[EventDate "2012.04.28"]

1. d4 Nf6 2. Nf3 d5 3. c4 c6 4. e3 g6 5. Nc3 Bg7 6. Bd3 O-O 7. h3 Nbd7 8. cxd5
Nxd5 9. e4 Nxc3 10. bxc3 c5 11. O-O cxd4 12. cxd4 Nb6 13. Be3 Bd7 14. Rb1 e6
15. Qd2 Bc6 16. Bh6 f5 17. Bxg7 Kxg7 18. Ng5 Re8 19. d5 fxe4 20. Qb2+ e5 21.
Ne6+ Rxe6 22. dxe6 exd3 23. Qxe5+ Qf6 24. Qc7+ Kh6 25. f4 Qxe6 26. f5 Qe3+ 27.
Kh2 Qg5 28. Rf2 Rf8 29. Rb4 Nd5 30. Qd6 Rf6 31. Qc5 Nxb4 32. Qxb4 Rxf5 0-1

[Event "Amateur Chess Tournament A"]
[Site "Bratto - Castione della Presolana ITA"]
[Date "2012.04.28"]
[Round "2"]
[White "Siegel, Adrian"]
[Black "Battistella, Stefano"]
[Result "1/2-1/2"]
[WhiteElo "2005"]
[BlackElo "2104"]
[PlyCount "56"]
[EventDate "2012.04.28"]

1. d4 Nf6 2. Nf3 g6 3. Bg5 Bg7 4. Nbd2 d6 5. e4 Nbd7 6. c3 h6 7. Bh4 Nh5 8. Bd3
Nf4 9. Bf1 Nh5 10. Bd3 Nf4 11. Bf1 c5 12. d5 O-O 13. Bg3 Nh5 14. a4 b6 15. a5
b5 16. Bxb5 Rb8 17. Bxd7 Qxd7 18. Nc4 Ba6 19. Nfd2 Nxg3 20. hxg3 e6 21. O-O h5
22. Qa4 Bb5 23. Qc2 Bh6 24. Rfd1 exd5 25. exd5 Ba6 26. Qa4 Bb5 27. Qc2 Ba6 28.
Qa4 Bb5 1/2-1/2

[Event "Amateur Chess Tournament A"]
[Site "Bratto - Castione della Presolana ITA"]
[Date "2012.04.28"]
[Round "2"]
[White "Tramalloni, Luca"]
[Black "Berger, Stefan"]
[Result "1-0"]
[WhiteElo "2110"]
[BlackElo "2016"]
[PlyCount "97"]
[EventDate "2012.04.28"]

1. d4 Nf6 2. c4 e6 3. g3 d5 4. Bg2 c6 5. Qc2 Nbd7 6. Nd2 Be7 7. Ngf3 O-O 8. O-O
b6 9. e4 dxe4 10. Nxe4 Bb7 11. Rd1 Qc8 12. Bf4 Nxe4 13. Qxe4 Re8 14. Ne5 Nxe5
15. Bxe5 Qd7 16. c5 Rad8 17. Qf3 Qc8 18. b4 f6 19. Bf4 bxc5 20. dxc5 e5 21.
Qb3+ Kf8 22. Be3 Rxd1+ 23. Rxd1 Rd8 24. Rxd8+ Bxd8 25. a4 a6 26. Bf1 Qd7 27.
Bc4 Bc8 28. b5 axb5 29. axb5 cxb5 30. Bxb5 Qc7 31. Qd5 g5 32. Bc4 Kg7 33. Qg8+
Kh6 34. Qf8+ Kh5 35. Bf7+ Kg4 36. h3+ Kf3 37. Bd5+ Ke2 38. Kg2 Bb7 39. Qg8 Qd7
40. Bxb7 Qxb7+ 41. Kh2 Qd7 42. Qa2+ Kf3 43. Qc2 e4 44. Qc1 Qd3 45. c6 Bc7 46.
Qc5 Bxg3+ 47. fxg3 Qe2+ 48. Bf2 Qf1 49. Qe3# 1-0

[Event "Amateur Chess Tournament A"]
[Site "Bratto - Castione della Presolana ITA"]
[Date "2012.04.28"]
[Round "2"]
[White "Ventura, Salvatore"]
[Black "Cocconcelli, Lorenzo"]
[Result "1-0"]
[WhiteElo "1987"]
[BlackElo "1964"]
[PlyCount "97"]
[EventDate "2012.04.28"]

1. f4 g6 2. Nf3 Bg7 3. e4 d5 4. exd5 Qxd5 5. Nc3 Qd6 6. d4 Nh6 7. Bd3 c6 8. Ne4
Qd8 9. c3 Nf5 10. Qc2 Nd6 11. O-O Nxe4 12. Bxe4 e6 13. Be3 Nd7 14. Ne5 O-O 15.
c4 f6 16. Nd3 Nb6 17. Bf3 Re8 18. Rad1 Qe7 19. Rfe1 Qf7 20. b3 Nd7 21. d5 cxd5
22. cxd5 e5 23. fxe5 fxe5 24. Nf2 Nf6 25. Ne4 Bf5 26. Nxf6+ Bxf6 27. Be4 Bxe4
28. Qxe4 b6 29. Rf1 Qe7 30. d6 Qe6 31. d7 Red8 32. Bc1 Rab8 33. Ba3 Be7 34.
Bxe7 Qxe7 35. Qd5+ Kg7 36. b4 a5 37. a3 axb4 38. axb4 Ra8 39. Rf2 Ra7 40. Rfd2
Rc7 41. Qb5 e4 42. Rd5 Qe6 43. Re5 Qb3 44. Re7+ Kh6 45. Re1 Qc4 46. Qe5 Rcxd7
47. Qg7+ Kg5 48. Re5+ Kf4 49. Qf6+ 1-0

[Event "Amateur Chess Tournament A"]
[Site "Bratto - Castione della Presolana ITA"]
[Date "2012.04.29"]
[Round "3"]
[White "Berger, Stefan"]
[Black "Medici, Simone"]
[Result "1/2-1/2"]
[WhiteElo "2016"]
[BlackElo "2131"]
[PlyCount "85"]
[EventDate "2012.04.28"]

1. d4 d5 2. Nf3 Nf6 3. c3 g6 4. Bf4 Bg7 5. e3 O-O 6. Be2 Nbd7 7. O-O Nh5 8. Bg5
h6 9. Bh4 g5 10. Nfd2 gxh4 11. Bxh5 Nf6 12. Be2 h3 13. g3 Bf5 14. Nf3 Qc8 15.
Ne5 Nd7 16. Nxd7 Qxd7 17. Bd3 e5 18. dxe5 Bxe5 19. Qc2 Bxd3 20. Qxd3 c6 21. Nd2
Qg4 22. Rae1 f5 23. Qe2 Qg6 24. Nf3 Bc7 25. Nh4 Qg5 26. Nf3 Qg4 27. Nd4 Qg6 28.
c4 Rae8 29. cxd5 f4 30. Qc2 Qxc2 31. Nxc2 fxg3 32. hxg3 cxd5 33. Rd1 Re5 34.
Kh2 Ref5 35. f4 Bb6 36. g4 R5f7 37. Rxd5 Rc8 38. Rd2 Rcf8 39. Nd4 Re8 40. Rf3
Rd7 41. Kxh3 Re4 42. Kg3 Bxd4 43. Rxd4 1/2-1/2

[Event "Amateur Chess Tournament A"]
[Site "Bratto - Castione della Presolana ITA"]
[Date "2012.04.29"]
[Round "3"]
[White "Bonassi, Tommaso"]
[Black "Ventura, Salvatore"]
[Result "1/2-1/2"]
[WhiteElo "1898"]
[BlackElo "1987"]
[PlyCount "24"]
[EventDate "2012.04.28"]

1. c4 c5 2. Nc3 Nc6 3. g3 g6 4. Bg2 Bg7 5. Nf3 Nf6 6. d3 d6 7. e4 e5 8. a3 a6
9. Nb1 Nb8 10. Nc3 Nc6 11. Nb1 Nb8 12. Nc3 Nc6 1/2-1/2

[Event "Amateur Chess Tournament A"]
[Site "Bratto - Castione della Presolana ITA"]
[Date "2012.04.29"]
[Round "3"]
[White "Boschetti, Claudio"]
[Black "Siegel, Adrian"]
[Result "1/2-1/2"]
[WhiteElo "2153"]
[BlackElo "2005"]
[PlyCount "56"]
[EventDate "2012.04.28"]

1. e4 e6 2. Nf3 d5 3. Nc3 Nf6 4. e5 Nfd7 5. d4 c5 6. dxc5 Nc6 7. Bf4 Be7 8. h4
Nxc5 9. Bd3 Bd7 10. h5 h6 11. Qe2 Bg5 12. g3 a6 13. Qd2 Nxd3+ 14. cxd3 Be7 15.
O-O Qb6 16. Rab1 Nd4 17. Nxd4 Qxd4 18. Ne2 Qb4 19. Qe3 Bc5 20. d4 Bb6 21. a3
Qa4 22. b4 Bb5 23. Nc3 Qc2 24. Nxb5 axb5 25. Rbc1 Qe4 26. Rfd1 Qxe3 27. Bxe3
Kd7 28. Rc3 Rhc8 1/2-1/2

[Event "Amateur Chess Tournament A"]
[Site "Bratto - Castione della Presolana ITA"]
[Date "2012.04.29"]
[Round "3"]
[White "Cereda, Loris"]
[Black "Pepe, Mario"]
[Result "1-0"]
[WhiteElo "2243"]
[BlackElo "2000"]
[PlyCount "52"]
[EventDate "2012.04.28"]

1. e4 Nf6 2. e5 Nd5 3. d4 d6 4. Nf3 Bg4 5. Be2 e6 6. O-O Nc6 7. c4 Nde7 8. exd6
Qxd6 9. Qa4 Nf5 10. d5 Qb4 11. Qd1 Bxf3 12. Bxf3 Ncd4 13. Na3 O-O-O 14. Be4
exd5 15. cxd5 Re8 16. Bxf5+ Nxf5 17. Qd3 g6 18. Nc4 Bg7 19. Bf4 b5 20. Rac1 Re7
21. d6 Rd7 22. Qd5 bxc4 23. Rxc4 Qb7 24. Rc6 Ne7 25. Rxc7+ Qxc7 26. Qa8+ Qb8
1-0

[Event "Amateur Chess Tournament A"]
[Site "Bratto - Castione della Presolana ITA"]
[Date "2012.04.29"]
[Round "3"]
[White "Cocconcelli, Lorenzo"]
[Black "Gagliardi, Christian"]
[Result "1/2-1/2"]
[WhiteElo "1964"]
[BlackElo "2233"]
[PlyCount "58"]
[EventDate "2012.04.28"]

1. d4 Nf6 2. c4 e6 3. Nf3 d5 4. Nc3 Bb4 5. Bg5 Nbd7 6. cxd5 exd5 7. e3 c5 8.
Bd3 Qa5 9. Qc2 c4 10. Bf5 O-O 11. O-O Re8 12. a3 Bxc3 13. Qxc3 Qxc3 14. bxc3
Ne4 15. Bxe4 dxe4 16. Nd2 Nb6 17. a4 h6 18. Bh4 Bd7 19. a5 Nd5 20. Nxc4 Bb5 21.
Nd6 Bxf1 22. Nxe8 Rxe8 23. Kxf1 Nxc3 24. Rc1 Nb5 25. Rc5 a6 26. Bg3 g6 27. Ke2
f5 28. Be5 Kf7 29. f3 Ke6 1/2-1/2

[Event "Amateur Chess Tournament A"]
[Site "Bratto - Castione della Presolana ITA"]
[Date "2012.04.29"]
[Round "3"]
[White "Pirola, Andrea"]
[Black "Kimbin, Richard Conrod"]
[Result "1-0"]
[WhiteElo "2115"]
[BlackElo "1939"]
[PlyCount "81"]
[EventDate "2012.04.28"]

1. d4 Nf6 2. Nf3 g6 3. g3 Bg7 4. Bg2 c5 5. d5 d6 6. c4 b5 7. cxb5 Qa5+ 8. Nfd2
Qxb5 9. Nc3 Qb7 10. O-O O-O 11. e4 Nbd7 12. Qc2 Rb8 13. Re1 Qc7 14. f4 c4 15.
h3 e6 16. dxe6 fxe6 17. Nf3 Nc5 18. Bf1 Ba6 19. Be3 Nfxe4 20. Nxe4 Rxb2 21.
Qxb2 Bxb2 22. Nxc5 dxc5 23. Rab1 Bg7 24. Ng5 Re8 25. Ne4 Bd4 26. Bxd4 cxd4 27.
Nf6+ Kf7 28. Nxe8 Qd7 29. Bxc4 Bxc4 30. Rb7 Kxe8 31. Rxd7 Kxd7 32. Re4 Bxa2 33.
Rxd4+ Kc7 34. Ra4 Bd5 35. Rxa7+ Bb7 36. Kf2 Kb6 37. Ra1 Kc5 38. Ke3 Bg2 39. h4
Kd6 40. Ra7 h5 41. Rg7 1-0

[Event "Amateur Chess Tournament A"]
[Site "Bratto - Castione della Presolana ITA"]
[Date "2012.04.29"]
[Round "3"]
[White "Ranfagni, Stefano"]
[Black "Tramalloni, Luca"]
[Result "1/2-1/2"]
[WhiteElo "1975"]
[BlackElo "2110"]
[PlyCount "61"]
[EventDate "2012.04.28"]

1. c4 Nf6 2. Nc3 c5 3. g3 e6 4. e4 b6 5. Bg2 Bb7 6. d3 d6 7. Nge2 a6 8. a4 Nbd7
9. O-O Qc7 10. f4 Be7 11. h3 O-O 12. g4 g6 13. Ng3 Kh8 14. g5 Ne8 15. b3 f6 16.
Bb2 e5 17. Qg4 Ng7 18. f5 fxg5 19. fxg6 hxg6 20. Nd5 Bxd5 21. exd5 Kg8 22. Ne4
Nf6 23. Nxf6+ Rxf6 24. Rxf6 Bxf6 25. Be4 Nh5 26. Bxg6 Nf4 27. Bf5 Qg7 28. Rf1
Kf8 29. Bc1 Ke7 30. Bxf4 gxf4 31. Qxg7+ 1/2-1/2

[Event "Amateur Chess Tournament A"]
[Site "Bratto - Castione della Presolana ITA"]
[Date "2012.04.29"]
[Round "4"]
[White "Gagliardi, Christian"]
[Black "Ranfagni, Stefano"]
[Result "1-0"]
[WhiteElo "2233"]
[BlackElo "1975"]
[PlyCount "97"]
[EventDate "2012.04.28"]

1. d4 e6 2. Nf3 d5 3. Bf4 Nf6 4. e3 c6 5. c3 Ne4 6. h3 Bd6 7. Bd3 Bxf4 8. exf4
f5 9. Nbd2 O-O 10. Ne5 Nd7 11. Nxd7 Bxd7 12. Nf3 Be8 13. Ne5 Qh4 14. Bxe4 fxe4
15. g3 Qh6 16. h4 Bh5 17. Qd2 Bf3 18. Nxf3 exf3 19. O-O-O Qh5 20. Qe3 Rae8 21.
Rhe1 h6 22. Rh1 Rf5 23. Rde1 Qg4 24. Kc2 Kf7 25. Qd3 Ke7 26. Re3 Kd6 27. Rhe1
Rf6 28. Re5 Rg8 29. h5 Re8 30. Rh1 g5 31. hxg6 Qxg6 32. Qxg6 Rxg6 33. Reh5 Rh8
34. b4 b6 35. a3 a5 36. bxa5 bxa5 37. Rb1 Rf8 38. Kd3 Rf5 39. Rhh1 h5 40. Ke3
Kc7 41. Kxf3 c5 42. Rb5 cxd4 43. cxd4 Rg8 44. Rc1+ Kd6 45. Rxa5 h4 46. Ra7 Rb8
47. Rac7 Rb3+ 48. Kg4 Rb6 49. Kxh4 1-0